| 000 | 003990000a22001570004500 | ||
|---|---|---|---|
| 060 | _a100 | ||
| 082 | _a574.191 5 LEA | ||
| 100 | _aLea, D E | ||
| 245 | _aActions of radiations on living cell | ||
| 250 | _a2 | ||
| 260 | _alondon, Cambridge University Press | ||
| 260 | _c1946 | ||
| 300 | _a416 | ||
| 650 | _aRadiation action / radiation physical property / radiation dosimetry | ||
| 942 | _cBK | ||
| 999 |
_c349644 _d349644 |
||